Elaboración y presentación de un proyecto de investigación y una tesina (Registro nro. 8347)
[ vista simple ]
| 000 -Cabecera | |
|---|---|
| Campo de control de longitud fija | 00884nam a22003137a 4500 |
| 005 - Fecha y hora de la última transacción | |
| Campo de control | 20260317174310.0 |
| 008 - Elementos de longitud fija--Información general | |
| Campo de control de longitud fija | 160809b2000 xxu||||| |||| 00| 0 spa d |
| 020 ## - International Standard Book Number | |
| Número Internacional Estándar del Libro (ISBN) | 8483381923 |
| 041 ## - Idioma | |
| Código de idioma | Español |
| 082 ## - Clasificación Decimal Dewey | |
| Número de clasificación | 001.42 I15e |
| 100 ## - Entrada principal--Autor personal | |
| Nombre personal | Icart Isern, María Teresa |
| 100 ## - Entrada principal--Autor personal | |
| Nombre personal | Fuentelsaz Gallego, Carmen |
| 9 (RLIN) | 82087 |
| 100 ## - Entrada principal--Autor personal | |
| Nombre personal | Pulpón Segura, Anna |
| 9 (RLIN) | 82088 |
| 245 ## - Título propiamente dicho | |
| Título | Elaboración y presentación de un proyecto de investigación y una tesina |
| 260 ## - Pie de imprenta | |
| Lugar de publicación, distribución, etc. | España |
| 260 ## - Pie de imprenta | |
| Nombre del editor, distribuidor, etc. | Ediciones Universitat de Barcelona |
| 260 ## - Pie de imprenta | |
| Fecha de publicación, distribución, etc. | 2000 |
| 300 ## - Descripción física | |
| Extensión | 150 páginas |
| 490 ## - Serie | |
| Título de la Serie | Temática General |
| 650 ## - Materia general | |
| Temática (materia general) | MÉTODOS DE INVESTIGACIÓN |
| 650 ## - Materia general | |
| Temática (materia general) | INVESTIGACIONES |
| 650 ## - Materia general | |
| Temática (materia general) | METODOLOGÍA |
| 650 ## - Materia general | |
| Temática (materia general) | PROYECTOS DE INVESTIGACIÓN |
| 650 ## - Materia general | |
| Temática (materia general) | TESINA |
| 650 ## - Materia general | |
| Temática (materia general) | HIPÓTESIS |
| 650 ## - Materia general | |
| Temática (materia general) | INVESTIGACIÓN CIENTÍFICA |
| 650 ## - Materia general | |
| Temática (materia general) | DATOS |
| 942 ## - Punto de acceso adicional KOHA | |
| Tipo de ítem KOHA | Libro |
| Fuente del sistema de clasificación o colocación | Dewey Decimal Classification |
| Signatura completa | Código de barras | Programa Académico | Tipo de ítem |
|---|---|---|---|
| 001.42 I15e | 7926 | Temática General | Libro |